| 000 | 00463nam a22001577a 4500 | ||
|---|---|---|---|
| 008 | 230612b |||||||| |||| 00| 0 eng d | ||
| 040 |
_aNational Science Library _cNational Science Library |
||
| 080 |
_aR 912(540) _bL6;1-3 |
||
| 245 | _aNew map's Indian school atlas | ||
| 260 |
_aMadras: _bTamilnad Printers and Traders Pvt. Ltd., _c1976 |
||
| 300 | _a56p. | ||
| 650 | _aGeography | ||
| 653 | _aAtlas | ||
| 700 | _aArya, R P (Ed.) | ||
| 942 |
_2udc _cREF |
||
| 999 |
_c42136 _d42136 |
||